| 000 | 00804cam a22002534a 4500 | ||
|---|---|---|---|
| 001 | 14944141 | ||
| 005 | 20180127074605.0 | ||
| 008 | 070727s2007 njua b 001 0 eng | ||
| 010 | _a 2007031070 | ||
| 020 | _a9781593453220 (pbk.) | ||
| 020 | _a1593453221 (pbk.) | ||
| 040 |
_aDLC _cDLC _dDLC |
||
| 041 | _aeng | ||
| 043 | _an-us--- | ||
| 080 | _a363.450973 | ||
| 082 | 0 | 0 |
_a363.450973 LYM _222 |
| 100 | 1 | _a19 | |
| 101 | _aSHP | ||
| 245 | 1 | 0 |
_aDrugs in society : _cMichael D. Lyman & Gary W. Potter. |
| 504 | _aIncludes bibliographical references and index. | ||
| 906 |
_a7 _bcbc _corignew _d1 _eecip _f20 _gy-gencatlg |
||
| 942 |
_2ddc _cBK |
||
| 999 |
_c41100 _d41100 |
||